Job design and work organization

Bibliographic Details
Main Author: Bailey, John (Author)
Format: Book
Published: London : Prentice-Hall, N.J. , c1983
Subjects:

MARC

LEADER 00000cam a2200000 7i4500
001 0000003851
005 20021118093000.0
008 021118n
020 |a 0135099196 
090 0 0 |a T60.8   |b .B2 1983 
100 0 |a Bailey, John ,   |e author 
245 0 0 |a Job design and work organization   |c John Bailey 
260 2 |a London :   |b Prentice-Hall, N.J. ,   |c c1983 
300 |a xv, 304 p. ; ;   |c 23 cm. 
500 |a Includes bibliographical references and index 
650 0 |a Work design 
999 |a 1000038859   |b Book   |c OPEN SHELF (30 DAYS)   |e Gong Badak Campus 
999 |a 1000038860   |b Book   |c OPEN SHELF (30 DAYS)   |e Gong Badak Campus